Yksi pääkaupunki per kirjain per maanosa - Statistics

Yleistilastot
  • Tätä visaa on pelattu 680 kertaa
    634 viimeisimmän päivityksen jälkeen
  • Keskiarvotulos 36 / 83
Vastaustilastot
Pääkaupunki % Oikein
Amsterdam, Andorra la Vella, Ateena Amsterdam | Andorra la Vella | Ateena
97%
Belgrad, Berliini, Bern, Bratislava, Bryssel, Budapest, Bukarest Belgrad | Berliini | Bern | Bratislava | Bryssel | Budapest | Bukarest
84%
Helsinki Helsinki
72%
Madrid, Minsk, Monaco, Moskova Madrid | Minsk | Monaco | Moskova
70%
Abu Dhabi, Amman, Ankara, Ašgabat, Astana Abu Dhabi | Amman | Ankara | Ašgabat | Astana
69%
Bagdad, Baku, Bandar Seri Begawan, Bangkok, Beirut, Biškek Bagdad | Baku | Bandar Seri Begawan | Bangkok | Beirut | Biškek
69%
Bogotá, Brasília, Buenos Aires Bogotá | Brasília | Buenos Aires
68%
Kiova, Kööpenhamina Kiova | Kööpenhamina
68%
Lissabon, Ljubljana, Lontoo, Luxemburg Lissabon | Ljubljana | Lontoo | Luxemburg
68%
Abuja, Accra, Addis Abeba, Alger, Antananarivo, Asmara Abuja | Accra | Addis Abeba | Alger | Antananarivo | Asmara
65%
Oslo Oslo
65%
Pariisi, Podgorica, Praha, Pristina Pariisi | Podgorica | Praha | Pristina
65%
Tallinna, Tirana, Tukholma Tallinna | Tirana | Tukholma
65%
Reykjavík, Riika, Rooma Reykjavík | Riika | Rooma
64%
Vaduz, Valletta, Varsova, Vatikaani, Vilna Vaduz | Valletta | Varsova | Vatikaani | Vilna
64%
Kairo, Kampala, Kapkaupunki, Khartoum, Kigali, Kinshasa Kairo | Kampala | Kapkaupunki | Khartoum | Kigali | Kinshasa
60%
Dublin Dublin
59%
Jakarta, Jerevan, Jerusalem Jakarta | Jerevan | Jerusalem
59%
Taipei, Taškent, Tbilisi, Teheran, Thimphu, Tokio Taipei | Taškent | Tbilisi | Teheran | Thimphu | Tokio
58%
Canberra Canberra
56%
Peking, Phnom Penh, Pjongjang Peking | Phnom Penh | Pjongjang
56%
San Marino, Sarajevo, Skopje, Sofia San Marino | Sarajevo | Skopje | Sofia
56%
Chișinău Chișinău
55%
Managua, México Managua | México
54%
Washington DC Washington DC
54%
Damaskos, Dhaka, Dili, Doha, Dušanbe Damaskos | Dhaka | Dili | Doha | Dušanbe
53%
La Paz, Lima La Paz | Lima
53%
Ottawa Ottawa
53%
Hanoi Hanoi
52%
Kabul, Kathmandu, Kotte, Kuala Lumpur, Kuwait Kabul | Kathmandu | Kotte | Kuala Lumpur | Kuwait
52%
Wien Wien
52%
Nairobi, N'Djamena, Niamey, Nouakchott Nairobi | N'Djamena | Niamey | Nouakchott
50%
Sanaa, Singapore, Soul Sanaa | Singapore | Soul
50%
Zagreb Zagreb
50%
Malé, Manama, Manila, Masqat Malé | Manama | Manila | Masqat
49%
Wellington Wellington
47%
Asunción Asunción
46%
Dakar, Djibouti, Dodoma Dakar | Djibouti | Dodoma
44%
Havanna Havanna
44%
Montevideo Montevideo
43%
Naypyidaw, New Delhi, Nikosia Naypyidaw | New Delhi | Nikosia
43%
Bamako, Bangui, Banjul, Bissau, Bloemfontein, Brazzaville Bamako | Bangui | Banjul | Bissau | Bloemfontein | Brazzaville
42%
Libreville, Lilongwe, Lomé, Luanda, Lusaka Libreville | Lilongwe | Lomé | Luanda | Lusaka
42%
Malabo, Maputo, Maseru, Mbabane, Mogadishu, Monrovia, Moroni Malabo | Maputo | Maseru | Mbabane | Mogadishu | Monrovia | Moroni
42%
Panama, Port-au-Prince, Port of Spain Panama | Port-au-Prince | Port of Spain
41%
Santiago, Sucre Santiago | Sucre
41%
Islamabad Islamabad
40%
Quito Quito
40%
Caracas Caracas
39%
Ulaanbaatar Ulaanbaatar
39%
Tripoli, Tunis Tripoli | Tunis
37%
Kingston, Kingstown Kingston | Kingstown
36%
Riad Riad
36%
St. George's, St. John's, San José, San Salvador, Santo Domingo St. George's | St. John's | San José | San Salvador | Santo Domingo
34%
Basseterre, Belmopan, Bridgetown Basseterre | Belmopan | Bridgetown
33%
Port Louis, Porto-Novo, Praia, Pretoria Port Louis | Porto-Novo | Praia | Pretoria
33%
Guatemala Guatemala
32%
Apia Apia
31%
Freetown Freetown
31%
Georgetown Georgetown
31%
Harare Harare
30%
Juba Juba
30%
Ouagadougou Ouagadougou
30%
Vientiane Vientiane
29%
Rabat Rabat
28%
Funafuti Funafuti
27%
Nassau Nassau
27%
Conakry, Cotonou Conakry | Cotonou
26%
Gaborone, Gitega Gaborone | Gitega
26%
Paramaribo Paramaribo
25%
Honiara Honiara
23%
South Tarawa, Suva South Tarawa | Suva
23%
Palikir, Port Moresby, Port Vila Palikir | Port Moresby | Port Vila
22%
Windhoek Windhoek
22%
Yamoussoukro, Yaoundé Yamoussoukro | Yaoundé
22%
Ngerulmud, Nukuʻalofa Ngerulmud | Nukuʻalofa
20%
Roseau Roseau
20%
São Tomé São Tomé
19%
Tegucigalpa Tegucigalpa
19%
Yaren Yaren
19%
Castries Castries
18%
Majuro Majuro
17%
Victoria Victoria
17%
Ehtoja vastaavia visoja ei löytynyt
Tulosjakauma
Jokaisen tuloksen saaneiden osuus
Persentiili vastausten määrän mukaan
Tuloshistoriasi
Et ole pelannut tätä visaa sen viimeisimmän päivityksen jälkeen